Fundamentals of applied statistics

محفوظ في:
التفاصيل البيبلوغرافية
المؤلف الرئيسي: King'oriah, George K.
التنسيق: كتاب
منشور في: Nairobi : The Jomo Kenyatta Foundation, c2004
الموضوعات:
الوسوم: إضافة وسم
لا توجد وسوم, كن أول من يضع وسما على هذه التسجيلة!

MARC

LEADER 00000nam a2200000 4500
020 |a 9966223908  |c TZS 14,008.89 
040 |a MUL  |b eng.  |e AACR 
082 |a 519.53 KIN 
100 |a King'oriah, George K. 
245 |a Fundamentals of applied statistics  |c / George K. King'oriah 
260 |a Nairobi :  |b The Jomo Kenyatta Foundation,  |c c2004 
300 |a xiii, 530 p. :  |b ill. ;  |c 26 cm. 
504 |a Includes index 
546 |a eng. 
650 |a Statistics 
650 |a Probability 
942 |c BK 
999 |c 3462  |d 3462